000 00712nam a2200181Ia 4500
008 100920s9999 xx 000 0 und d
082 _b99147
_a51 न 07
100 _aशहा लीला.
245 _aथोर रयत सेवक कर्मवीर भाऊराव पाटील.
260 _bसाकेतऔरंगाबाद.
_c2007
300 _a60
_bसाधी
365 _b40
520 _aचरित्र.
630 _aथोर रयत सेवक कर्मवीर भाऊराव पाटील.
650 _aचरित्र.
730 _aथोर रयत सेवक कर्मवीर भाऊराव पाटील.
942 _cBOOK
999 _c739585
_d739582